000 00478cam a22001457a 4500
008 180718b2001 xxu||||| |||| 00| 0 eng d
082 _aJ7x54 P13
100 _aPadam, Sudarsanam
245 _aUrbanisation and urban transport in India: the search for a policy
_cby Sudarsanam Padam and Sanjay K. Singh
260 _aPune
_bCentral Institute of Road Transport
_c2001
300 _a31p.
440 _aWorking paper; no. 3
650 _aCity Planning
700 _aSingh, Sanjay K.
999 _c403260
_d403260